000 00534pab a2200205 454500
008 180718b2014 xxu||||| |||| 00| 0 eng d
100 _aAnand, Byram
245 _aAntecedents of patient satisfaction at tertiary care hospital in India
260 _c2014
300 _ap.64-77.
362 _aApr-Jun
650 _aPatients - India
650 _aHealth services - India
650 _aHealth services
700 _aBashir, Irfan
700 _aNaik, J. Rama Krishna
773 _aAbhigyan
908 _aN
909 _a104696
999 _c104691
_d104691